Aspectos de la erosión de los suelos en Argentina / (Registro nro. 18123)
[ vista simple ]
| 000 -CABECERA | |
|---|---|
| Campo de control | 00734nam a22002177a 4500 |
| 005 - FECHA Y HORA DE LA ULTIMA TRANSACCION | |
| Campo de control | 20180803170221.0 |
| 008 - ELEMENTOS DE LONGITUD FIJA—INFORMACION GENERAL | |
| Campo de control | 160210b ag ado fr|||| 000 0 spa d |
| 020 ## - ISBN | |
| ISBN | 9789873367144 |
| 040 ## - FUENTE DE CATALOGACIÓN | |
| Agencia catalogadora original | CO-BoIAVH |
| Agencia transcriptora | CO-BoIAVH |
| 041 0# - IDIOMA | |
| Código de idioma para texto/pista de sonido o título separado | Español |
| 044 ## - PAÍS DE PUBLICACIÓN | |
| País de publicación | Argentina |
| 082 04 - NUMERO DE CLASIFICACION DECIMAL DEWEY | |
| Número de clasificación | 631.45 |
| Número del ítem | P19a |
| 100 1# - ASIENTO PRINCIPAL--NOMBRE PERSONAL | |
| Nombre personal | Panigatti, José Luis |
| 9 (RLIN) | 58622 |
| 245 10 - MENCION DE TITULO | |
| Título | Aspectos de la erosión de los suelos en Argentina / |
| Mención de responsabilidad | Asociación Argentina Ciencia del Suelo |
| 260 ## - PUBLICACION, DISTRIBUCION, ETC. (PIE DE IMPRENTA) | |
| Lugar de publicación, distribución, etc. | Argentina (Buenos Aires) : |
| Nombre del editor, distribuidor, etc. | Asociación Argentina Ciencia del Suelo, |
| Fecha de publicación, distribución, etc. | 2015. |
| 300 ## - DESCRIPCION FISICA | |
| Extensión | 70 páginas : |
| Otros detalles físicos | Ilustraciones, mapas, fotografías ; |
| Dimensiones | 24 x 17 cm. |
| 650 16 - ASIENTO SECUNDARIO DE MATERIA - TERMINO TEMATICO | |
| Término temático o nombre geográfico como elemento de entrada | Erosión |
| 9 (RLIN) | 93030 |
| 650 26 - ASIENTO SECUNDARIO DE MATERIA - TERMINO TEMATICO | |
| Término temático o nombre geográfico como elemento de entrada | Conservación de suelos |
| 9 (RLIN) | 58626 |
| 662 ## - ASIENTO SECUNDARIO DE MATERIA - JERARQUIA DEL NOMBRE DE LUGAR( | |
| País o entidad mayor | Argentina |
| 942 ## - ELEMENTOS ADICIONALES (KOHA) | |
| Sistema de clasificación | Dewey Decimal Classification |
| Tipo de ítem | Libro |
| Withdrawn status | Lost status | Sistema de Clasificación | Damaged status | No para préstamo | Colección | Inventariado | Ubicación Permanente | Ubicación actual | Fecha de adquisición | Fuente de Valor | Valor | Total Checkouts | Número topográfico | Inventario / Código de Barras | Date last seen | Ejemplar | Price effective from | Tipo de material |
|---|---|---|---|---|---|---|---|---|---|---|---|---|---|---|---|---|---|---|
| Dewey Decimal Classification | General | Inventariado 2017 | Bogotá | Bogotá | 10/02/2016 | Instituto | 39000.00 | LB-631.45 P19a | 042229 | 10/02/2016 | Ej. 1 | 10/02/2016 | Libro |